Parlez-vous franglais ? # 4 - Statistiques

Statistiques générales
  • Ce quiz a été pris 250 fois
  • Le résultat moyen est 6 sur 20
Statistiques - réponses
Définition Mot anglais passé dans la langue % Correct
D'accord ! OK
93%
Terrain de boxe Ring
80%
Rencontre sportive Match
53%
Comptoir Bar
47%
Exercice physique Sport
45%
Produit cosmétique pour empêcher les mauvaises odeurs Déodorant
44%
Mécène Sponsor
36%
Blague, effet comique Gag
33%
Revue Magazine
33%
Prévision de dépenses et de recettes Budget
24%
Désavantage physique ou mental subi par une personne Handicap
24%
Vue, paysage Panorama
23%
Tranche (de viande ou de poisson) Steak
22%
Association groupant des membres avec des activités collectives ou des intérêts communs Club
19%
Nommer (à une candidature) Nominer
15%
Tintin Reporter
14%
Soi-disant distingué Snob
13%
Forme d'ironie Humour
4%
Proposition sujette à délibération Motion
1%
Exploit, réussite remarquable dans un domaine Performance
1%
Aucun quiz correspondant
Distribution des résultats
% des personnes avec chaque résultat
Percentile par nombre de réponses
Votre historique - résultats
Vous n’avez pas pris ce quiz